Statistiques concernant Départements français traversés par la Seine

Cliquez ici pour prendre le quiz!

Statistiques générales

  • Ce quiz a été pris 209 fois
  • Le résultat moyen est 11 sur 14

Statistiques - réponses

Département% Correct
13Seine-Maritime
96%
7Paris
95%
4Seine-et-Marne
92%
12Eure
90%
8Hauts-de-Seine
87%
9Seine-Saint-Denis
87%
6Val-de-Marne
87%
11Yvelines
86%
10Val-d'Oise
83%
3Marne
76%
5Essonne
73%
2Aube
68%
14Calvados
58%
1Côte d'Or
51%

Distribution des résultats

Percentile par nombre de réponses

% des personnes avec chaque résultat

Votre développement - résultats

Vous n’avez pas pris ce quiz